书目信息 |
| 题名: |
我的经济理论哲学思想和政治立场
|
|
| 作者: | 马寅初 著 | |
| 分册: | ||
| 出版信息: | 北京 中国财政经济出版社 1980 |
|
| 页数: | 217页 | |
| 开本: | 20cm | |
| 丛书名: | ||
| 单 册: | ||
| 中图分类: | F120.2 | |
| 科图分类: | ||
| 主题词: | 社会主义经济--中国--文集 | |
| 电子资源: | ||
| ISBN: | ||
| 000 | 00637nam0 2200217 45 | |
| 001 | 0180003273 | |
| 005 | 20060802154440.43 | |
| 010 | @dCNY0.70 | |
| 091 | @aCN@b3166.042 | |
| 100 | @a19960215d1980 em y0chiy0121 ea | |
| 101 | 0 | @achi |
| 102 | @aCN@b110000 | |
| 105 | @af z 000yy | |
| 200 | 10 | @a我的经济理论哲学思想和政治立场@Awo de jing ji li lun zhe xue si xiang he zheng zhi li chang@f马寅初著 |
| 210 | @a北京@c中国财政经济出版社@d1980 | |
| 215 | @a217页@c照片@d20cm | |
| 606 | @a社会主义经济@y中国@x文集 | |
| 690 | @aF120.2@v3 | |
| 701 | 0 | @a马寅初@Ama yin chu@4著 |
| 801 | 0 | @aCN@bTSSF@c20060802 |
| 905 | @a10447@dF120.2@e148 | |
| 我的经济理论哲学思想和政治立场/马寅初著.-北京:中国财政经济出版社,1980 |
| 217页:照片;20cm |
| ISBN :CNY0.70 |
| ● |
| 相关链接 |
|
|
|
|
正题名:我的经济理论哲学思想和政治立场
索取号:F120.2/148
 
预约/预借
| 序号 | 登录号 | 条形码 | 馆藏地/架位号 | 状态 | 备注 |
| 1 | 0441264 | 204412643 | 密集书库/ [索取号:F120.2/148] | 在馆 | |
| 2 | 0441905 | 204419058 | 密集书库/ [索取号:F120.2/148] | 在馆 |